000 00836nam a2200229 i 4500
001 bg
100 1 _aŻYZNOWSKI, Telesfor
245 1 0 _aRachunkowość w spółkach z ograniczoną odpowiedzialnością :
_bksięgi rachunkowe, aktywa i pasywa, koszty działalności operacyjnej /
_cTelesfor Żyznowski.
250 _aStan prawny na dzień 15 sierpnia 1997 r.
260 _aWarszawa :
_b"Infor",
_c1997.
300 _a94 s. :
_b2 rys. ;
_c21 cm.
490 1 _aPoradnik Prawny. Rachunkowość,
_x1230-2864 ;
_vNr 18
650 9 _aSpółki z ograniczoną odpowiedzialnością
_xrachunkowość
_zPolska
830 0 _aPoradnik Prawny.
_pRachunkowość
020 _a8387261289
040 _cBPK
041 0 _apl
080 _a657:658.114.4](438)
920 _a83-87261-28-9
942 _cKS
008 s pl f |000 0 pol
999 _c32497
_d32497
856 _uhttp://koha.tu.koszalin.pl/cgi-bin/koha/opac-detail.pl?biblionumber=32497
_yKatalog online BPK